| 000 | 00791nam a2200277 a 4500 | ||
|---|---|---|---|
| 003 | AR-BaBNM | ||
| 005 | 20251128203548.0 | ||
| 008 | 082120s2002 ||||||||||||||000 | spa|| | ||
| 020 | _a950-557-186-0 | ||
| 040 | _cAR-BaBNM | ||
| 100 | 1 | _aDi Tella, Torcuato S. | |
| 245 | 0 | 0 | _aHistoria de los partidos políticos en América Latina, siglo XX |
| 250 | _a1ª ed. | ||
| 260 |
_aBuenos Aires _bFondo de Cultura Económica _c1993 |
||
| 300 |
_a409 p. _btablas |
||
| 490 | 0 | _aBreviarios | |
| 500 | _aCronología general para consultar p. 359-387. | ||
| 650 | 4 | _aCIENCIAS POLITICAS | |
| 650 | 4 | _aHISTORIA POLITICA | |
| 650 | 4 | _aPARTIDOS POLITICOS | |
| 650 | 4 | _aINSTITUCIONES POLITICAS | |
| 650 | 4 | _aHISTORIA MILITAR | |
| 651 | 4 | _aAmérica Latina | |
| 942 | _cBK | ||
| 998 | _cmariana | ||
| 999 |
_c3949 _d3949 |
||